Divergente - Associer les personnages à leur faction - Statistiques

Statistiques générales
  • Ce quiz a été pris 771 fois
    765 depuis la dernière actualisation
  • Le résultat moyen est 14 sur 21
Statistiques - réponses
Hint Réponse % Correct
Tris Audacieux
85%
Christina maintenant Audacieux
82%
Quatre Audacieux
81%
Caleb maintenant Érudits
77%
Caleb avant Altruiste
76%
Jeannine Érudits
74%
Nathalie Prior maintenant Altruiste
73%
Peter Audacieux
71%
Marcus Eaton Altruiste
70%
Will Audacieux
70%
Nathalie Prior avant Audacieux
69%
Christina avant Sincère
68%
Andrew Prior maintenant Altruiste
67%
Al Audacieux
67%
Max maintenant Audacieux
67%
Johanna Reyes Fraternel
55%
Jack Kang Sincère
55%
Béatrice Altruiste
49%
Tobias Altruiste
39%
Andrew Prior avant Érudits
28%
Max avant Érudits
28%
Aucun quiz correspondant
Distribution des résultats
% des personnes avec chaque résultat
Percentile par nombre de réponses
Votre historique - résultats
Vous n’avez pas pris ce quiz depuis la dernière actualisation